000 00681nam a2200205Ia 4500
001 1313
003 GE_BSU
008 181216s||||||||xx |||||||||||||| ||und||
040 _cGE_BSU
080 _a636(075.8)
100 _aგოცირიძე, ნ; დალაქიშვილი, გ; თორთლაძე, ლ;
245 _aმეცხოველეობის საფუძვლები.
260 _aთბილისი
260 _c2002
300 _a202 გვ. 19 სმ.
541 _h6 ლ.
653 _aმეცხოველეობა
653 _aმეცხოველეობის საფუძვლები.
942 _cBK
999 _c35455
_d35455